000 00949nam a2200289 i 4500
005 20210818182346.0
008 091210s2004 sp gr 000 f spa d
020 _a8467012463
040 _aCOMFC
_bspa
_erda
041 _aspa
100 1 _aCervantes Saavedra, Miguel de,
_d1547-1616.
_eaut
245 1 3 _aEl ingenioso hidalgo don Quijote de La Mancha /
_cMiguel de Cervantes Saavedra.
264 0 1 _aMadrid :
_bEspasa Calpe,
_c2004.
300 _a680 páginas ;
_c18 cm.
336 _2rdacontent
_atxt
337 _2rdamedia
_an
338 _2rdacarrier
_anc
490 _955639
_aBiblioteca IV Centenario
500 _aIncluye índice
082 0 4 _a863.6
_bSA112i
650 0 _aNovela Española
_924817
650 6 _aLocura
_v Novela.
650 _aAmistad
_v Novela.
650 0 _aCaballeros y Caballeria
_v Novela.
_919316
650 _aHistorias de aventuras.
942 _2ddc
_h863.6 SA112i
_k863.6
_mSA112i
999 _c15804
_d15804